| 000 | 00463nam a2200169Ia 4500 | ||
|---|---|---|---|
| 003 | GCL | ||
| 008 | 140319s9999 xx 000 0 eng d | ||
| 040 |
_aGCL / _cGCL |
||
| 082 | 0 | 4 |
_a910.02 _bh d |
| 100 | 1 | _aNATIONAL GEOGRAPHIC SOCIETY | |
| 245 | 1 | 0 |
_aOUR AWESOME EARTH / _cNATIONAL GEOGRAPHIC SOCIETY |
| 260 |
_a[S.N] : _bNATIONAL GEOGRAPHIC SOCIETY ، _c1986 |
||
| 300 | _a200 P | ||
| 650 | 0 | 4 | _aNATURAL HISTORY |
| 650 | 0 | 4 | _aEARTH SCIENCES |
| 942 |
_2ddc _cBK |
||
| 999 |
_c14252 _d14252 |
||